• 首页
  • 本馆介绍
  • 公告通知
  • 最新文献
  • 馆藏检索
  • 电子资源
  • 读者导购
  • 参考咨询
  • 我的图书馆
  • 登录
  • 详细信息显示
  • 放入我的书架
  • 预约/预借图书
  • 作者相关作品
  • 分类相关作品
  • 丛书相关作品
  • 出版社相关作品

书目信息

  • 表格格式
  • 工作单格式
  • 卡片格式
题名:
如何开赚钱公司
    
 
作者: 凌洛妍 编著
分册:  
出版信息: 北京   中国华侨出版社  2011
页数: 230页
开本: 24cm
丛书名:
单 册:
中图分类: F276.6
科图分类:
主题词: 公司--企业管理 , 公司 , 企业管理
电子资源:
ISBN: 978-7-5113-1321-8
000 00829nam0 2200253 450
001 519
005 20140909092637.62
010    @a978-7-5113-1321-8@dCNY28.00
100    @a20110607d2011 em y0chiy50 ea
101 0  @achi
102    @aCN@b110000
105    @ay z 000yy
106    @ar
200 1  @a如何开赚钱公司@ARu He Kai Zhuan Qian Gong Si@f凌洛妍编著@FLing Luo Yan Bian Zhu
210    @a北京@c中国华侨出版社@d2011
215    @a230页@d24cm
330    @a本书帮助大家掌握开公司的基本知识和技巧,然后从实际应用的角度出发,为你详细介绍注意事项、操作方法和赚钱诀窍,手把手教你如何把公司做大做强。
606 0  @a公司@x企业管理
606 0  @a公司
606 0  @a企业管理
690    @aF276.6@v5
701  0 @a凌洛妍@ALing Luo Yan@g(女,@f198?~)@4编著
801  0 @aCN@bTANGWEI@c20140603
905    @b0838009-11@dF276.6@e1110@f3
    
    如何开赚钱公司/凌洛妍编著.-北京:中国华侨出版社,2011
    230页;24cm
    
    
    ISBN 978-7-5113-1321-8:CNY28.00
    本书帮助大家掌握开公司的基本知识和技巧,然后从实际应用的角度出发,为你详细介绍注意事项、操作方法和赚钱诀窍,手把手教你如何把公司做大做强。
●
相关链接 在E读中查询图书 在五车中查询图书 在当当中查询图书 在豆瓣中查询图书


正题名:如何开赚钱公司     索取号:F276.6/1110         预约/预借

序号 登录号 条形码 馆藏地/架位号 状态 备注
1 0838009   208380090   第一样本阅览室/ [索取号:F276.6/1110] 在馆    
2 0838010   208380107   密集书库-海洋学院/ [索取号:F276.6/1110] 在馆    
3 0838011   208380116   第一借阅区/ [索取号:F276.6/1110] 在馆    
唐山师范学院图书馆 欢迎您!
大连网信软件有限公司© 版权所有